|
|
|
|
| LEADER |
00000nab a2200000 a 4500 |
| 001 |
vtls009151393 |
| 003 |
SK-MaSNL |
| 005 |
20260305041543.0 |
| 008 |
140328c2007 xo zr|p|||||||000 b|slo |
| 015 |
|
|
|a SNBRB2007/10
|2 snkbucl
|
| 038 |
|
|
|a SNKBUCL
|
| 040 |
|
|
|a SNKBUCL
|b slo
|c SNKBUCL
|e AACR2
|
| 041 |
0 |
|
|a slo
|
| 044 |
|
|
|a xo
|c SK
|
| 080 |
|
|
|a 728.3
|x (437.6)
|2 2001
|
| 100 |
1 |
|
|a Jakušová, Martina
|4 aut
|9 270504
|
| 245 |
1 |
0 |
|a Dom natočený k slnku
|c Martina Jakušová
|
| 300 |
|
|
|b Fotogr., obr.
|
| 500 |
|
|
|a Autori projektu: Eugen Nagy, Peter Jackanin
|
| 650 |
0 |
7 |
|a rodinné domy
|2 snkbucl
|9 2984
|
| 650 |
0 |
7 |
|a energeticky pasívne domy
|2 snkbucl
|9 1035926
|
| 650 |
0 |
7 |
|a nízkoenergetické rodinné domy
|2 snkbucl
|9 1058527
|
| 651 |
|
7 |
|a Veľký Biel (Slovensko)
|2 snkbucl
|9 73796
|
| 651 |
|
7 |
|a Senec (Slovensko : okres)
|2 snkbucl
|9 74232
|
| 773 |
0 |
|
|t ASB
|g Roč. XIV, č. 9 (2007), s. 46-51
|x 1335-1230
|
| 852 |
|
|
|a SNK
|b KIS3GCP
|
| 958 |
|
|
|a SK
|
| 999 |
|
|
|c 3344166
|d 3346096
|